| 000 | 00374nam a22001097a 4500 | ||
|---|---|---|---|
| 082 | _a294.6 | ||
| 100 | _aSingh Ji, Giani Gian | ||
| 245 |
_aRaj Khalsa Part 2: _bRise of Sikh States of Patiala, Nabha, Jind, Fridkot and Kapurthla / _cGiani Gian Singh Ji |
||
| 260 |
_aU.S.A : _bBaljinder singh, _cN.D. |
||
| 942 |
_2ddc _cBK |
||
| 999 |
_c541289 _d541289 |
||